| 000 | 01264nam a2200349Ia 4500 | ||
|---|---|---|---|
| 001 | ebr10597747 | ||
| 003 | CaPaEBR | ||
| 006 | m u | ||
| 007 | cr cn||||||||| | ||
| 008 | 811006s1980 ne sb 000 0aeng d | ||
| 020 | _z9027930740 | ||
| 020 | _z9783110172836 | ||
| 020 | _z9783110894264 | ||
| 040 |
_aCaPaEBR _cCaPaEBR |
||
| 035 | _a(OCoLC)811407737 | ||
| 050 | 1 | 4 |
_aP221 _b.J3 1980eb |
| 100 | 1 |
_aJakobson, Roman, _d1896-1982. |
|
| 245 | 1 | 0 |
_aFundamentals of language _h[electronic resource] / _cby Roman Jakobson and Morris Halle. |
| 250 | _a4th ed. | ||
| 260 |
_aThe Hague : _bMouton, _c1980, c1956. |
||
| 300 | _a96 p. | ||
| 490 | 0 |
_aJanua linguarum. Series minor ; _v1 |
|
| 504 | _aIncludes bibliographical referenceds. | ||
| 533 |
_aElectronic reproduction. _bPalo Alto, Calif. : _cebrary, _d2011. _nAvailable via World Wide Web. _nAccess may be limited to ebrary affiliated libraries. |
||
| 650 | 0 |
_aGrammar, Comparative and general _xPhonology. |
|
| 650 | 0 | _aPhonetics. | |
| 650 | 0 | _aAphasia. | |
| 655 | 7 |
_aElectronic books. _2local |
|
| 700 | 1 | _aHalle, Morris. | |
| 710 | 2 | _aebrary, Inc. | |
| 856 | 4 | 0 |
_uhttp://site.ebrary.com/lib/rucke/Doc?id=10597747 _zAn electronic book accessible through the World Wide Web; click to view |
| 999 |
_c109723 _d109723 |
||